000 005550000a22001930004500
001 200063
090 _a200063
100 _a20260120d u||y0pory50 ba
200 _aBeau Geste
_esegundo o romance de P. C. Wren
_fFernando Bento
210 _aLisboa
_cEditorial Futura
_dcop. 1982
215 _a56 p.
_cil. ; brochado
_d29 cm
225 _aAntologia da BD Portuguesa
_h2
606 _aDesenho Artístico
_91586
610 _aBanda Desenhada
675 _a74
_vPT
_zpor
700 _aBento
_94305
_bFernando
801 _aPT
_bBMMN
_gRPC
830 _cIsabel
990 _cLIVROS